| 000 | 00743cam a2200301ua 4500 | ||
|---|---|---|---|
| 020 | _c34.50 | ||
| 041 |
_amal _h |
||
| 082 |
_a636 _bHAR/KA |
||
| 100 | _aHarban , Singh . | ||
| 245 |
_aKaali sampathum kozhi valarthalum / _cHarban Singh. _hTextual Documents |
||
| 250 |
_a1 / _b. |
||
| 260 |
_aThiruvananthapuram : _bState Instititute of Languages , _c1977. |
||
| 300 | _a744 ; . | ||
| 365 | _a34.50 | ||
| 504 | _a | ||
| 700 | 1 | _aMore, Earl N M . | |
| 942 | _cBK | ||
| 999 |
_c6018 _d6018 |
||